000 00624nam a2200205 a 4500
005 20140310183421.0
008 070921s19uu xx 00 eng d
020 _a9780071264624
050 _aHF 5718
_b.Y68 2006
100 _aYoung, Dona J.
245 _aFoundations of business communication :
_ban integrative approach /
_cDona J. Young.
260 _aU.S.A :
_bMcGraw-Hill/Irwin,
_c2007.
300 _a538 p. :
_bill. ;
_c27 cm.
521 _aBSBA
650 _aCommunication Correspondence.
650 _aBusiness Communication.
650 _aBusiness Report Writing.
942 _cBK
_2lcc
_kFOR
999 _c22608
_d22608